5HLuxD.jpg

KING HENRY VIII SENIOR AND PRIMARY SCHOOL LIBRARY OPAC

THE SHADY TREE (Record no. 5544)

000 -LEADER
fixed length control field 00350nam a22001217a 4500
008 - FIXED-LENGTH DATA ELEMENTS--GENERAL INFORMATION
fixed length control field 251002b ||||| |||| 00| 0 eng d
020 ## - INTERNATIONAL STANDARD BOOK NUMBER
International Standard Book Number 9781627797696
082 ## - DEWEY DECIMAL CLASSIFICATION NUMBER
Classification number 398.2 DEMI
100 ## - MAIN ENTRY--PERSONAL NAME
Personal name DEMI
Relator term AUTHOR
Language of a work ENGLISH
245 ## - TITLE STATEMENT
Title THE SHADY TREE
260 ## - PUBLICATION, DISTRIBUTION, ETC.
Place of publication, distribution, etc. 175 FIFTH AVENUE AVENUE,NEW YORK,NEW YORK 10010
Name of publisher, distributor, etc. HENRY HOLT AND COMPANY,LLC
Date of publication, distribution, etc. 2016
942 ## - ADDED ENTRY ELEMENTS (KOHA)
Source of classification or shelving scheme
Holdings
Withdrawn status Lost status Source of classification or shelving scheme Damaged status Not for loan Collection code Permanent Location Current Location Shelving location Date acquired Full call number Barcode Date last seen Price effective from Koha item type Public note
          Non-Fiction KH8 Primary School Library KH8 Primary School Library Non Fiction 2025-10-02 398.2 DEMI KHPL000007250 2025-12-05 2025-10-02 Books - Non Ficton PRIMARY LIBRARY

Powered By KH8 IT Dept